1241 1398 1322 1231 1432 1393 1375 1398 1836 1908 1189 1847 1620 1990 1731 1144 1521 1843 1332 1926 1136 1506 1285 1681 1462 1196 1112 1153 1050 1079 1473 1753 1767 1837 1669 1863 1080 1318 1273 1487 1587 1386 1725 1431 1683 1557 1734 1149 1905 1599 1749 1379 1830 1195 1695 1839 1364 1982 1766 1865 1923 1603 1731 1155 1739 1208 1215 1316 1284 1149 1193 1261 1214 1646 1655 1427 1932 1232 1783 1297 1142 1007 1093 1404 1836 1356 1541 1585 1860 1735 1742 1090 1192 1335 1712 1495 1138 1212 1827 BCNSPRNW ULIB Ver.6.0+V

เปลี่ยนเป็นภาษาไทย

Change to English
 แสดงรายละเอียดบรรณานุกรม
  กลับหน้าหลัก

Brief Record : Get Marc (ISO 2709) : E-mail record : QR code < ปิดหน้าต่าง
LEADER : 00000nam 2200000uu 4500
001    13399126447
003     ULIB
008    180916s2559||||th 000 0 tha d
020    ^a9786162147234
050    ^aนว^bว177ห
100 0  ^aวรรณวรรธน์
245 10 ^aหนึ่งด้าวฟ้าเดียวกัน เล่ม 1/ ^cวรรณวรรธน์
250    ^aพิมพ์ครั้งที่ 9
260    ^aกรุงเทพฯ : ^bณ บ้านวรรณกรรม, ^c2559
300    ^a342 หน้า ;^c21 ซม
945    ^p0^l0^i26649
999    ^aกัณชพร จุลอักษร
รายการนี้ยังไม่มีแท็ก
คุณยังไม่ได้ล็อกอิน คุณสามารถมีกิจกรรมร่วมกับเว็บไซต์ได้ แต่ต้องล็อกอินก่อน ::
  ล็อกอิน

รายการสื่อสารสนเทศ

ลำดับที่ ประเภท เลขเรียก/บาร์โค้ด สถานที่ สถานะ
1. วิทยาศาสตร์การแพทย์ และสุขภาพ
วิทยาศาสตร์การแพทย์ และสุขภาพ
นว ว177ห ฉ.1 
  Barcode: 26649
ห้องสมุดวิทยาเขตนครสวรรค์
►หนังสือทั่วไป:l:General Books
บนชั้น

รายการใกล้เคียง
    ผู้แต่ง [วรรณวรรธน์]

BibComment


ยังไม่เคยถูกคอมเมนท์

คอมเมนท์ทรัพยากรรายการนี้
  คอมเมนท์: หนึ่งด้าวฟ้าเดีย..


 Copyright 2026. Bcnsprnw @Library